Recurso extraordinario y recurso de queja. parte II /

Guardado en:
Autor Corporativo: Corte Suprema de Justicia de la Nación. Secretaría de jurisprudencia.
Formato: Libro
Idioma:Spanish
Publicado: Buenos Aires : Corte Suprema de Justicia de la Nación, 2011.
Edición:1a. ed.
Materias:
Etiquetas: Agregar Etiqueta
Sin Etiquetas, Sea el primero en etiquetar este registro!
LEADER 00600nam a22001575a 4500
001 DER.der015282
008 250827s2011####ag#||||||||||||||#||spa||
005 20250827145431.0
245 1 0 |a Recurso extraordinario y recurso de queja.  |n parte II /  |c Corte Suprema de Justicia de la Nación. 
250 |a 1a. ed. 
260 |a Buenos Aires :  |b Corte Suprema de Justicia de la Nación,  |c 2011. 
300 |a 326 p. 
020 |a 9789871625161 
710 2 |a Corte Suprema de Justicia de la Nación.  |b Secretaría de jurisprudencia. 
650 7 |a DERECHO PROCESAL CIVIL 
859 |a DERECHO  |b BIB. DERECHO  |h 347.05  |i REC  |p 007249  |3 Tomo II